000 00488 a2200157 4500
999 _c214
_d214
008 220330b ||||| |||| 00| 0 eng d
020 _a9789280116496
082 0 0 _a623.888
_bI339
110 _976
_aInternational Maritime Organization
245 _aPersonal safety and social responsibilities (Model Course 1.21)
260 _aLondon:
_bInternational Maritime Organization,
_c2016.
300 _av, 74 p.
490 0 _aModel Course;
_v1.21
650 0 _aMerchant Marine
942 _2ddc
_cBK